Größte österreichische Städte nach Bundesland - Statistiken

Allgemein
  • Dieses Quiz wurde 6.753 mal gespielt
    5.955 seit der letzten Aktualisierung
  • Das Durchschnittsergebnis liegt bei 16 aus 41
Antwortstatistiken
Bundesland Bevölkerung Stadt % Korrekt
Wien 1.921.153 Wien
97%
Salzburg 155.424 Salzburg
88%
Steiermark 291.130 Graz
87%
Tirol 131.042 Innsbruck
86%
Oberösterreich 206.552 Linz
86%
Kärnten 101.779 Klagenfurt am Wörthersee
72%
Niederösterreich 55.878 Sankt Pölten
66%
Vorarlberg 29.524 Bregenz
65%
Kärnten 63.265 Villach
59%
Burgenland 14.892 Eisenstadt
56%
Oberösterreich 62.662 Wels
50%
Niederösterreich 46.478 Wiener Neustadt
48%
Vorarlberg 50.253 Dornbirn
47%
Vorarlberg 34.536 Feldkirch
41%
Oberösterreich 37.968 Steyr
41%
Tirol 19.516 Kufstein
38%
Tirol 14.239 Hall in Tirol
35%
Steiermark 24.187 Leoben
32%
Vorarlberg 14.958 Bludenz
31%
Niederösterreich 24.841 Krems an der Donau
31%
Kärnten 25.033 Wolfsberg
31%
Salzburg 21.347 Hallein
27%
Niederösterreich 25.818 Baden
26%
Burgenland 8.645 Neusiedl am See
25%
Salzburg 11.335 Sankt Johann im Pongau
25%
Kärnten 15.156 Spittal an der Drau
25%
Burgenland 7.540 Mattersburg
24%
Steiermark 15.653 Bruck an der Mur
23%
Tirol 13.810 Schwaz
23%
Tirol 14.179 Wörgl
22%
Burgenland 7.656 Oberwart
20%
Steiermark 22.373 Kapfenberg
19%
Niederösterreich 27.595 Klosterneuburg
19%
Kärnten 14.290 Feldkirchen in Kärnten
16%
Oberösterreich 24.829 Traun
16%
Oberösterreich 28.943 Leonding
14%
Vorarlberg 16.769 Hohenems
13%
Salzburg 16.793 Saalfelden am Steinernen Meer
12%
Steiermark 13.372 Feldbach
8%
Burgenland 5.884 Pinkafeld
8%
Salzburg 11.001 Seekirchen am Wallersee
6%
Keine übereinstimmenden Quizze gefunden
Verteilung der Resultate
Anzahl Personen mit jedem Resultat
Perzentil nach korrekt beantworteten Fragen
Ihre Resultats-Entwicklung
Sie haben dieses Quiz seit der letzten Aktualisierung nicht gespielt